Catálogo público

Mathematics and Statistics for the Bio-sciences, by G. E. and G. Gettinby. (Record no. 171826)

MARC details
000 -CABECERA
campo de control de longitud fija 00634nam a2200229Ia 4500
001 - NÚMERO DE CONTROL
campo de control dia_1288
003 - IDENTIFICADOR DEL NÚMERO DE CONTROL
campo de control CHAP
005 - FECHA Y HORA DE LA ÚLTIMA TRANSACCIÓN
campo de control 20230126115422.0
008 - DATOS DE LONGITUD FIJA--INFORMACIÓN GENERAL
campo de control de longitud fija 220117s1980 xx 000 0 und d
010 ## - NÚMERO DE CONTROL DE LA BIBLIOTECA DEL CONGRESO
Número de control de LC 171826
040 ## - FUENTE DE LA CATALOGACIÓN
Centro/agencia transcriptor CHAP
082 ## - NÚMERO DE LA CLASIFICACIÓN DECIMAL DEWEY
Número de clasificación 574.0182 E3
100 ## - ENTRADA PRINCIPAL--NOMBRE DE PERSONA
Nombre de persona Eason, G.
9 (RLIN) 34995
245 ## - MENCIÓN DE TÍTULO
Título Mathematics and Statistics for the Bio-sciences, by G. E. and G. Gettinby.
260 ## - PUBLICACIÓN, DISTRIBUCIÓN, ETC.
Lugar de publicación, distribución, etc. New York, John Wiley and Sons
Fecha de publicación, distribución, etc. 1980
300 ## - DESCRIPCIÓN FÍSICA
Extensión 578 pp.
500 ## - NOTA GENERAL
Nota general Material fotocopiado
901 ## - ELEMENTOS DE DATOS A LOCAL LDA (RLIN)
a 574.0182 E3
902 ## - ELEMENTOS DE DATOS B LOCAL, LDB (RLIN)
a M
905 ## - ELEMENTOS DE DATOS E LOCAL, LDE (RLIN)
a 0000001980 -US 0100000000ENG00
942 ## - ELEMENTOS DE PUNTO DE ACCESO ADICIONAL (KOHA)
Tipo de ítem Koha Libro
Fuente del sistema de clasificación o colocación Dewey Decimal Classification
Holdings
Estado de retiro Estado de pérdida Fuente del sistema de clasificación o colocación Estado dañado No para préstamo Código de colección Localización permanente Ubicación/localización actual Fecha de adquisición Información codificada de la localización en otra ubicación Total de préstamos Signatura topográfica completa Código de barras Fecha visto por última vez Número de copia Precio válido a partir de Tipo de ítem Koha
    Dewey Decimal Classification     General Ingenieria Agroindustrial Ingenieria Agroindustrial 18/01/2022 1   574.0182 E3 dia_2574 18/01/2022 2 18/01/2022 Libro
    Dewey Decimal Classification     General Ingenieria Agroindustrial Ingenieria Agroindustrial 18/01/2022 1   574.0182 E3 dia_2573 18/01/2022 1 18/01/2022 Libro